Statistics for Harry Potter Dumbledore's Army

Click here to take the quiz!

General Stats

  • This quiz has been taken 213 times
    (196 since last reset)
  • The average score is 24 of 29

Answer Stats

NameAnswer% Correct
FounderHermione Granger
100%
FounderRon Weasley
100%
FounderHarry Potter
99%
Harry's First CrushCho Chang
97%
Weasley 6th year twinFred Weasley
97%
Weasley 6th year twinGeorge Weasley
97%
Weasley 4th year girl who comes to the Department of MysteriesGinny Weasley
97%
Dreamy and creative 4th year Ravenclaw who comes to the Department of MysteriesLuna Lovegood
97%
Shy Gryffindor 5th year boy who comes to the Department of MysteriesNeville Longbottom
95%
Creevey 4th year brotherColin Creevey
94%
Gryffindor twin of Ravenclaw Prefect FemaleParvati Patil
90%
6th year Gryffindor chaserAngelina Johnson
89%
Gryffindor Member MaleDean Thomas
88%
Creevey 2nd year brotherDennis Creevey
88%
Ravenclaw Prefect FemalePadma Patil
88%
Gryffindor 5th year Male who joins in the last meeting before being discoveredSeamus Finnigan
88%
6th year Gryffindor member Male Twins friendLee Jordan
86%
5th year Gryffindor chaserKatie Bell
84%
6th year Gryffindor chaserAlicia Spinnet
81%
Hufflepuff Prefect FemaleHannah Abbott
77%
Gryffindor member FemaleLavender Brown
77%
Rude Hufflepuff member MaleZacharias Smith
77%
Huuflepuff Prefect MaleErnie Macmillian
74%
TraitorMarietta Edgecombe
72%
Quiet Hufflepuff member FemaleSusan Bones
69%
Ravenclaw Member MaleMichael Corner
66%
Hufflepuff Member MaleJustin Finch-Fletchley
64%
Ravenclaw memberTerry Boot
58%
Ravenclaw Prefect MaleAnthony Goldstein
49%

Score Distribution

Percentile by Number Answered

Percent of People with Each Score

Your Score History

You have not taken this quiz since the last reset